000 00786nam a22002292 4500
001 0000025324
005 20151021153130.0
008 150619s xx 000 0 eng d
040 _aKABU
_cKABU
100 1 _aYator, Faith J.
_@0000185928
245 1 0 _aUse of social media network sites on service delivery in hotels in Nakuru town /
_cby Faith J. Yator.
260 _aNakuru :
_bKabarak University,
_c2014.
300 _aix, 52 p.
650 0 _aInternet marketing.
_@0000151441
650 0 _aOnline social networks.
_@0000182584
650 0 _aHotel industry.
_@0000185929
700 1 _aKatwalo, Allan.
_@0000185930
700 1 _aMuhanji, Stella.
_@0000185889
908 _a150619
950 _@1
999 _c1755
_d1755